000 00275nam a22001097a 4500
008 170124b xxu||||| |||| 00| 0 eng d
020 _a9780801661440
041 _aeng
080 _23RD
_a618.2
245 _aCLINICAL MANUAL OF PEDIATRIC NURSING
_cWONG & WHALEY
942 _2udc
_cBK
999 _c3426
_d3426